[Event "San Francisco TNM Winter op"]
[Site "San Francisco"]
[Date "2017.01.17"]
[Round "3"]
[White "Viswanath, Ganesh"]
[Black "White, Benjamin M"]
[Result "1-0"]
[WhiteElo "2025"]
[BlackElo "1721"]
[PlyCount "63"]
[EventDate "2017.01.03"]
[EventType "swiss"]
[EventRounds "8"]
[EventCountry "USA"]
[SourceTitle "EXT 2018"]
[Source "ChessBase"]
[SourceDate "2017.10.13"]
[SourceVersion "1"]
[SourceVersionDate "2017.10.13"]
[SourceQuality "1"]

1. d4 f5 2. Nf3 g6 3. c4 Nf6 4. g3 Bg7 5. Bg2 d5 6. cxd5 Nxd5 7. 0-0 0-0 8. Qb3 Kh8 9. Nc3 Nf6 10. Ng5 c6 11. Nf7+ Rxf7 12. Qxf7 e6 13. Bg5 Bd7 14. e4 Qe8 15. Qxe8+ Bxe8 16. d5 exd5 17. exd5 cxd5 18. Bxf6 Bxf6 19. Nxd5 Nd7 20. Rae1 Bf7 21. Nxf6 Nxf6 22. Re7 Bxa2 23. Rxb7 Bd5 24. Bxd5 Nxd5 25. Rd1 Nb6 26. Ra1 Nc4 27. Ra4 Nd2 28. Raxa7 Re8 29. Rxh7+ Kg8 30. Rag7+ Kf8 31. Rh8+ Kxg7 32. Rxe8 1-0

[Event "Perth Metro Club-ch"]
[Site "Perth"]
[Date "2012.02.23"]
[Round "3"]
[White "Viswanath, Ganesh"]
[Black "Ellis, David"]
[Result "1/2-1/2"]
[WhiteElo "1991"]
[BlackElo "1951"]
[PlyCount "117"]
[EventDate "2012.02.09"]
[EventType "tourn"]
[EventRounds "9"]
[EventCountry "AUS"]
[SourceTitle "EXT 2013"]
[Source "ChessBase"]
[SourceDate "2012.11.22"]
[SourceVersion "1"]
[SourceVersionDate "2012.11.22"]
[SourceQuality "1"]

1. d4 b6 2. c4 Bb7 3. Nc3 e6 4. a3 Nf6 5. d5 a5 6. Nf3 Bc5 7. Bg5 h6 8. Bh4 g5 9. Bg3 Nh5 10. Be5 f6 11. Bd4 Be7 12. Qc2 Kf7 13. dxe6+ dxe6 14. 0-0-0 Qf8 15. Nb5 Na6 16. Bc3 Rd8 17. Rxd8 Qxd8 18. e3 Nc5 19. Nd2 Ng7 20. b4 axb4 21. axb4 Na6 22. Qb1 c5 23. bxc5 Nxc5 24. f3 Nf5 25. e4 Nd6 26. Nxd6+ Qxd6 27. Nb3 Na4 28. Bd4 Qf4+ 29. Kc2 b5 30. Qc1 bxc4 31. Bxc4 Rc8 32. Qxf4 Rxc4+ 33. Kd3 Rxd4+ 34. Kxd4 gxf4 35. Ra1 e5+ 36. Kc4 Bc6 37. Na5 Nb6+ 38. Kc3 Bd7 39. Rb1 Na4+ 40. Kd2 Nc5 41. Nc4 Be6 42. Kc3 Bxc4 43. Kxc4 Ne6 44. Rb7 Nd4 45. Kd5 Nc2 46. Rb2 Ne3+ 47. Kc6 Nf1 48. h3 Ne3 49. Kd7 Ba3 50. Ra2 Bb4 51. Re2 Bc5 52. Ra2 Bd4 53. Kd6 Kg6 54. Ra8 Nc4+ 55. Ke6 Kg7 56. Rb8 Ne3 57. Rb7+ Kg6 58. Rb8 Kg7 59. Rb7+ 1/2-1/2

[Event "AUS-ch Major"]
[Site "Parramatta"]
[Date "2008.01.05"]
[Round "6"]
[White "Viswanath, Ganesh"]
[Black "Jule, Alexandra"]
[Result "1-0"]
[WhiteElo "1840"]
[BlackElo "1740"]
[PlyCount "29"]
[EventDate "2008.01.02"]
[EventType "swiss"]
[EventRounds "11"]
[EventCountry "AUS"]
[SourceTitle "EXT 2010"]
[Source "ChessBase"]
[SourceDate "2010.11.25"]
[SourceVersion "1"]
[SourceVersionDate "2010.11.25"]
[SourceQuality "1"]

1. Nf3 e6 2. d4 d5 3. c4 Nf6 4. g3 c6 5. Bg2 Nbd7 6. 0-0 Bd6 7. Nc3 b6 8. Qc2 Bb7 9. Rd1 0-0 10. b3 Qc7 11. Bb2 Ba6 12. e4 dxe4 13. Ng5 e5 14. Ncxe4 Be7 15. Nxf6+ 1-0

[Event "AUS-ch Major"]
[Site "Parramatta"]
[Date "2008.01.04"]
[Round "5"]
[White "Viswanath, Ganesh"]
[Black "Bleicher, Horst"]
[Result "1-0"]
[WhiteElo "1840"]
[BlackElo "1462"]
[PlyCount "65"]
[EventDate "2008.01.02"]
[EventType "swiss"]
[EventRounds "11"]
[EventCountry "AUS"]
[SourceTitle "EXT 2010"]
[Source "ChessBase"]
[SourceDate "2010.11.25"]
[SourceVersion "1"]
[SourceVersionDate "2010.11.25"]
[SourceQuality "1"]

1. d4 d5 2. Nf3 Nf6 3. c4 c6 4. g3 e6 5. Qc2 Nbd7 6. Bg2 Bd6 7. 0-0 b6 8. Nc3 a6 9. Rd1 Bb7 10. e4 dxe4 11. Nd2 0-0 12. Ndxe4 Be7 13. Bf4 Nxe4 14. Nxe4 Nf6 15. c5 Nd5 16. Bd6 Re8 17. Bxe7 Rxe7 18. Nd6 Rb8 19. Bxd5 cxd5 20. b4 Bc6 21. a4 bxc5 22. bxc5 Rc7 23. Qe2 Ra7 24. Qe1 h6 25. Rdb1 Raa8 26. a5 Bb5 27. Rb2 Qc7 28. Rab1 Bd3 29. Rb7 Qd8 30. Nxf7 Rxb7 31. Rxb7 Qe8 32. Qe5 Qa4 33. Nxh6+ 1-0

[Event "AUS-ch U18"]
[Site "Canberra"]
[Date "2007.01.26"]
[Round "11"]
[White "Vijayakumar, Rengan"]
[Black "Viswanath, Ganesh"]
[Result "1-0"]
[WhiteElo "1620"]
[BlackElo "1870"]
[PlyCount "77"]
[EventDate "2007.01.14"]
[EventType "swiss"]
[EventRounds "11"]
[EventCountry "AUS"]
[SourceTitle "EXT 2008"]
[Source "ChessBase"]
[SourceDate "2007.11.25"]
[SourceVersion "1"]
[SourceVersionDate "2007.11.25"]
[SourceQuality "1"]

1. e4 c5 2. Nf3 Nc6 3. Bb5 g6 4. Bxc6 dxc6 5. d3 Bg7 6. h3 e5 7. Be3 Qe7 8. Qd2 h6 9. Nc3 Nf6 10. 0-0-0 a5 11. Nh2 a4 12. Kb1 b5 13. g4 h5 14. Bg5 Qa7 15. f4 exf4 16. Qxf4 Nh7 17. e5 Nxg5 18. Qxg5 Be6 19. Ne4 a3 20. b3 Qa5 21. Nf3 Bd5 22. Nfd2 Rh7 23. Nd6+ Kd7 24. N2e4 Bxe4 25. dxe4 Ke6 26. Nb7 f6 27. Qe3 Qb6 28. Nxc5+ Kf7 29. exf6 Bf8 30. Rd7+ Kg8 31. Qg5 Rxd7 32. Nxd7 Qd4 33. Qxg6+ Kh8 34. Qxh5+ Kg8 35. f7+ Kg7 36. Qe5+ Qxe5 37. Nxe5 c5 38. Nd7 Kxf7 39. Rf1+ 1-0

[Event "AUS-ch U18"]
[Site "Canberra"]
[Date "2007.01.20"]
[Round "6"]
[White "Viswanath, Ganesh"]
[Black "Glenton, Alan"]
[Result "1-0"]
[WhiteElo "1870"]
[BlackElo "1519"]
[PlyCount "59"]
[EventDate "2007.01.14"]
[EventType "swiss"]
[EventRounds "11"]
[EventCountry "AUS"]
[SourceTitle "EXT 2008"]
[Source "ChessBase"]
[SourceDate "2007.11.25"]
[SourceVersion "1"]
[SourceVersionDate "2007.11.25"]
[SourceQuality "1"]

1. Nf3 d5 2. d4 Nf6 3. c4 e6 4. g3 dxc4 5. Bg2 a6 6. 0-0 b5 7. a4 Bb7 8. b3 cxb3 9. Qxb3 Bd5 10. Qc2 Be4 11. Qb2 c6 12. Nbd2 Bd5 13. Qc2 c5 14. e4 Bb7 15. dxc5 Qc7 16. Ba3 Nbd7 17. Rfc1 Rc8 18. axb5 axb5 19. Rab1 Bc6 20. Nd4 e5 21. Nxb5 Qa5 22. Nc4 Qa6 23. Nbd6+ Bxd6 24. Nxd6+ Kd8 25. Nxc8 Kxc8 26. Rb6 Nxb6 27. cxb6 Qxa3 28. Qxc6+ Kd8 29. Rd1+ Ke7 30. Qc7+ 1-0

[Event "AUS-ch U18"]
[Site "Canberra"]
[Date "2007.01.14"]
[Round "1"]
[White "Nguyen, Dominic"]
[Black "Viswanath, Ganesh"]
[Result "0-1"]
[WhiteElo "1243"]
[BlackElo "1870"]
[PlyCount "66"]
[EventDate "2007.01.14"]
[EventType "swiss"]
[EventRounds "11"]
[EventCountry "AUS"]
[SourceTitle "EXT 2008"]
[Source "ChessBase"]
[SourceDate "2007.11.25"]
[SourceVersion "1"]
[SourceVersionDate "2007.11.25"]
[SourceQuality "1"]

1. e4 c5 2. Nf3 Nc6 3. Nc3 d6 4. g3 g6 5. Bg2 Bg7 6. d3 e6 7. Be3 Qa5 8. Bd2 Nge7 9. a3 0-0 10. 0-0 b5 11. Nd5 Qd8 12. Nxe7+ Qxe7 13. Rb1 Rb8 14. Be3 e5 15. Qd2 f5 16. exf5 gxf5 17. Bh6 f4 18. Bg5 Qf7 19. Rfe1 h6 20. Bh4 Bg4 21. h3 Bxf3 22. Bxf3 Nd4 23. Bh1 f3 24. Re3 d5 25. c3 Ne2+ 26. Kf1 e4 27. dxe4 dxe4 28. Rxe4 Qf5 29. Bxf3 Qxf3 30. Qe3 Qh1+ 31. Kxe2 Qxb1 32. f4 Qxb2+ 33. Kf3 Qxc3 0-1

[Event "Perth Respini-A"]
[Site "Perth"]
[Date "2005.09.08"]
[Round "2"]
[White "Lilly, Richard"]
[Black "Viswanath, Ganesh"]
[Result "0-1"]
[WhiteElo "1825"]
[BlackElo "1745"]
[PlyCount "44"]
[EventDate "2005.09.01"]
[EventType "tourn"]
[EventRounds "9"]
[EventCountry "AUS"]
[SourceTitle "EXT 2010"]
[Source "ChessBase"]
[SourceDate "2010.11.25"]
[SourceVersion "1"]
[SourceVersionDate "2010.11.25"]
[SourceQuality "1"]

1. d4 Nf6 2. c4 g6 3. Nc3 Bg7 4. e4 d6 5. f3 0-0 6. Be3 e5 7. Bd3 Ng4 8. Bd2 exd4 9. Nce2 Ne5 10. Qc2 Nxd3+ 11. Qxd3 Nc6 12. 0-0-0 Ne5 13. Qb3 Be6 14. Nxd4 Bxc4 15. Qe3 c5 16. Nb3 Nd3+ 17. Kb1 Nxb2 18. Rc1 Bd3+ 19. Rc2 Bxc2+ 20. Kxc2 Nc4 21. Qd3 Na3+ 22. Kc1 c4 0-1

[Event "West Australia-ch"]
[Site "South Perth"]
[Date "2005.08.28"]
[Round "9"]
[White "Taylor, Paul"]
[Black "Viswanath, Ganesh"]
[Result "0-1"]
[WhiteElo "1100"]
[BlackElo "1732"]
[PlyCount "70"]
[EventDate "2005.07.03"]
[EventType "swiss"]
[EventRounds "9"]
[EventCountry "AUS"]
[SourceTitle "EXT 2009"]
[Source "ChessBase"]
[SourceDate "2008.11.26"]
[SourceVersion "1"]
[SourceVersionDate "2008.11.26"]
[SourceQuality "1"]

1. e4 c5 2. Nf3 Nc6 3. d4 cxd4 4. Nxd4 Nf6 5. Nc3 e5 6. Ndb5 d6 7. Bg5 a6 8. Na3 Be7 9. Bxf6 gxf6 10. Nd5 Be6 11. Bc4 Rc8 12. c3 b5 13. Bb3 f5 14. Nxe7 Qxe7 15. Bd5 fxe4 16. Bxe4 0-0 17. Qf3 Na5 18. Rd1 Bxa2 19. Qh5 f5 20. Bxf5 Rc7 21. 0-0 Qf6 22. Be4 Rg7 23. Nc2 Bc4 24. Bd5+ Bxd5 25. Rxd5 Rg5 26. Qh3 Nc4 27. b3 Nb6 28. Rd3 Kh8 29. Rg3 Rf5 30. Nb4 a5 31. Na2 Nd5 32. f3 Nf4 33. Qg4 h5 34. Qxf5 Qxf5 35. Re1 Qc2 0-1

[Event "West Australia-ch"]
[Site "South Perth"]
[Date "2005.07.17"]
[Round "3"]
[White "Leonhardt, Wolfgang"]
[Black "Viswanath, Ganesh"]
[Result "1/2-1/2"]
[WhiteElo "1916"]
[BlackElo "1732"]
[PlyCount "89"]
[EventDate "2005.07.03"]
[EventType "swiss"]
[EventRounds "9"]
[EventCountry "AUS"]
[SourceTitle "EXT 2009"]
[Source "ChessBase"]
[SourceDate "2008.11.26"]
[SourceVersion "1"]
[SourceVersionDate "2008.11.26"]
[SourceQuality "1"]

1. e4 c5 2. Nf3 Nc6 3. d4 cxd4 4. Nxd4 Nf6 5. Nc3 e5 6. Ndb5 d6 7. Bg5 a6 8. Na3 Be6 9. Bxf6 gxf6 10. Nc4 b5 11. Ne3 Bh6 12. Ncd5 Bxe3 13. Nxe3 Qa5+ 14. c3 Rd8 15. Be2 Ne7 16. Bg4 d5 17. Bxe6 fxe6 18. Qh5+ Ng6 19. exd5 exd5 20. 0-0 0-0 21. Nf5 Qc7 22. Rad1 Kh8 23. g3 Qc4 24. a3 Rd7 25. Rd2 Rg8 26. Qf3 Nf4 27. Rfd1 Nh3+ 28. Kh1 Ng5 29. Qg2 Rgd8 30. Ne3 Qb3 31. Rxd5 Qxd1+ 32. Nxd1 Rxd5 33. Ne3 Rd1+ 34. Nf1 Ra1 35. h4 Rdd1 36. Qa8+ Kg7 37. hxg5 Rxf1+ 38. Kg2 fxg5 39. g4 Rfb1 40. Qxa6 Rxb2 41. Qe6 Re1 42. Qe7+ Kg6 43. Qe6+ Kg7 44. Qe7+ Kg6 45. Qd6+ 1/2-1/2

[Event "AUS-ch op U18"]
[Site "Mount Buller"]
[Date "2005.01.13"]
[Round "4"]
[White "Viswanath, Ganesh"]
[Black "Ly, Moulthun"]
[Result "0-1"]
[WhiteElo "1647"]
[BlackElo "1881"]
[PlyCount "66"]
[EventDate "2005.01.11"]
[EventType "swiss"]
[EventRounds "11"]
[EventCountry "AUS"]
[SourceTitle "EXT 2009"]
[Source "ChessBase"]
[SourceDate "2008.11.26"]
[SourceVersion "1"]
[SourceVersionDate "2008.11.26"]
[SourceQuality "1"]

1. d4 Nf6 2. c4 e6 3. Nc3 Bb4 4. Bg5 c5 5. d5 d6 6. e3 Qe7 7. Bd3 h6 8. Bh4 g5 9. Bg3 Bxc3+ 10. bxc3 e5 11. h4 g4 12. h5 Nbd7 13. e4 Rg8 14. Ne2 Qf8 15. Qa4 Qg7 16. Rb1 Qh7 17. Bc2 Kf8 18. Bh4 Nxh5 19. Rxb7 Bxb7 20. Qxd7 Qg6 21. Qxb7 Kg7 22. Be7 Rab8 23. Qa6 Rb2 24. Qa4 Rgb8 25. f3 Rb1+ 26. Bd1 R8b2 27. Rh2 gxf3 28. gxf3 Nf4 29. Kf1 Rd2 30. Nxf4 Rbxd1+ 31. Qxd1 Rxd1+ 32. Ke2 exf4 33. Kxd1 Qg1+ 0-1

[Event "AUS-ch op U18"]
[Site "Mount Buller"]
[Date "2005.01.12"]
[Round "2"]
[White "Viswanath, Ganesh"]
[Black "Suttor, Vincent"]
[Result "0-1"]
[WhiteElo "1647"]
[BlackElo "1904"]
[PlyCount "50"]
[EventDate "2005.01.11"]
[EventType "swiss"]
[EventRounds "11"]
[EventCountry "AUS"]
[SourceTitle "EXT 2009"]
[Source "ChessBase"]
[SourceDate "2008.11.26"]
[SourceVersion "1"]
[SourceVersionDate "2008.11.26"]
[SourceQuality "1"]

1. Nf3 Nf6 2. d4 g6 3. Bg5 Bg7 4. Nbd2 0-0 5. c3 d5 6. e3 Nbd7 7. Be2 c6 8. a4 Re8 9. Bf4 Nh5 10. Ne5 Nxf4 11. exf4 f6 12. Nxd7 Bxd7 13. Nf3 Qc7 14. 0-0 Qxf4 15. Qb3 Qc7 16. c4 e6 17. Rac1 Qb6 18. Qa2 Rad8 19. a5 Qb4 20. Ne1 Qd2 21. Rc2 Qxd4 22. Nd3 a6 23. Rd1 Bc8 24. g3 Kf8 25. Qb3 Qa7 0-1